00206nam a22000977a 4500040000700000082000800007100000700015245006000022260001900082300000700101 cHS a351 aNA aSmallholder flood plaints development programme (SFPDP) aIFADbNAc1997 aNA